| 000 | 00786cam a22002651 4500 | ||
|---|---|---|---|
| 001 | 30 | ||
| 003 | BD-RjUL | ||
| 005 | 20211208233109.0 | ||
| 008 | 131117s1965 nyu b 001 0 eng d | ||
| 035 | _a(BD-RjUL) 32 | ||
| 040 |
_aDLC _cTNJ _dOCoLC _dDLC _dBD-RjUL _beng |
||
| 041 | _aeng | ||
| 082 |
_a954.035 _216 _bMEI 1965 |
||
| 100 | 1 |
_aMehrotra, S. R. _d1931- _9100 |
|
| 245 | 1 | 0 |
_aIndia and the Commonwealth, 1885-1929, _cby S.R. Mehrotra. |
| 260 |
_aNew York : _bF. A. Praeger; _c1965. |
||
| 300 |
_a287 p. : _c23 cm. |
||
| 504 | _aIncludes bibliography and index. | ||
| 526 |
_aHistory _bHistory |
||
| 650 | 7 |
_2SLSH _aPolitics and government _zIndia _91040 |
|
| 650 | 7 |
_2SLSH _aCommonwealth of Nations. _91041 |
|
| 942 |
_2ddc _cBK |
||
| 999 |
_c30 _d30 |
||